01138nac a22002891u 4500003000900000005001700009008004100026020001500067040004300082082002000125245009500145250002300240264004800263300003200311336002600343337002800369338002700397490002100424600006200445650007200507651005100579653002400630655002400654942001200678999001500690952014300705EG-ScBUE20220320123824.0090318r19811969enkb f 000 0 eng d a0140442146 aEG-ScBUEbengerdacEG-ScBUEdEG-ScBUE04a875.01bSEL22200aSelected political speeches of Cicero /btranslated with an introduction by Michael Grant. aReprinted edition. 1aMiddlesex, England :bPenguin Books,c1981. a335 pages :bmaps ;c19 cm. 2rdacontentatextbtxt 2rdamediaaunmediatedbn 2rdacarrieravolumebnc0 aPenguin classics17aCicero, Marcus TulliusxTranslations into English.2BUEsh 7aSpeeches, addresses, etc., LatinxTranslations into English.2BUEsh 7aRomexPolitics and governmentvSources.2BUEsh bHHUUEENNcMarch2022 vReading book934232 cBB2ddc c3018d3018 00102ddc40708AlahramaMAINbMAINc2NDd2015-03-07ePurchasel1o875.01 SELp000001091r2025-07-15 00:00:00s2013-09-26w2007-03-15yBB